[Event "Wch Juvenil 2013 sub-18"]
[Site "Al-Ain UAE"]
[Date "2013.12.27"]
[Round "10.21"]
[White "Horvath, David"]
[Black "Gstach, Jakob"]
[Result "0-1"]
[WhiteElo "2351"]
[BlackElo "2227"]
[PlyCount "80"]
[EventDate "2013.12.19"]
[EventType "swiss"]
[EventRounds "11"]
[EventCountry "UAE"]
[Source "lmi"]
[SourceDate "2013.12.19"]

1. c4 g6 2. d4 Nf6 3. Nc3 Bg7 4. e4 d6 5. Nge2 O-O 6. Ng3 a6 7. a4 Nc6 8. d5
Nb4 9. Be2 e6 10. O-O exd5 11. exd5 c5 12. Bf4 Ne8 13. Qd2 f5 14. Be3 Bd7 15.
a5 Nf6 16. h3 Qc7 17. f4 Rae8 18. Bf2 h5 19. Bf3 h4 20. Nge2 Ne4 21. Bxe4 fxe4
22. Be3 Bf5 23. Rfc1 Nd3 24. Rc2 Nb4 25. Rcc1 Nd3 26. Rc2 Bf6 27. Na2 Rb8 28.
Rb1 b6 29. axb6 Rxb6 30. Qa5 Qb7 31. Nec1 Nxb2 32. Nc3 Nxc4 33. Rxb6 Qxb6 34.
Qxb6 Nxb6 35. N1e2 Nc4 36. Kf2 Rb8 37. Ra2 Rb2 38. Rxb2 Nxb2 39. Ke1 Nc4 40.
Kf2 Kf7 0-1

[Event "Wch Juvenil 2013 sub-18"]
[Site "Al-Ain UAE"]
[Date "2013.12.27"]
[Round "10.22"]
[White "Olund, Joar"]
[Black "Johansson, Linus"]
[Result "0-1"]
[WhiteElo "2236"]
[BlackElo "2314"]
[PlyCount "68"]
[EventDate "2013.12.19"]
[EventType "swiss"]
[EventRounds "11"]
[EventCountry "UAE"]
[Source "lmi"]
[SourceDate "2013.12.19"]

1. Nf3 Nf6 2. g3 c5 3. Bg2 Nc6 4. d4 cxd4 5. Nxd4 e5 6. Nxc6 dxc6 7. Qxd8+ Kxd8
8. Nd2 Bc5 9. O-O h5 10. Nc4 Nd7 11. Rb1 f6 12. b4 Be7 13. b5 c5 14. a4 Nb6 15.
Ne3 Nxa4 16. Bd2 Nb6 17. Ba5 Ke8 18. Ra1 Bd8 19. Rfd1 Rb8 20. Nc4 Bc7 21. Nd6+
Bxd6 22. Bxb6 axb6 23. Rxd6 Ke7 24. Rad1 h4 25. Rxb6 h3 26. Be4 Rd8 27. Rxd8
Kxd8 28. Rd6+ Kc7 29. Rd5 Ra8 30. f4 f5 31. Bd3 e4 32. Bc4 Be6 33. Rxc5+ Kb6
34. Bxe6 e3 0-1

[Event "Wch Juvenil 2013 sub-18"]
[Site "Al-Ain UAE"]
[Date "2013.12.27"]
[Round "10.23"]
[White "Emiroglu, Cankut"]
[Black "Tvarijonas, Tomas"]
[Result "1-0"]
[WhiteElo "2309"]
[BlackElo "2176"]
[PlyCount "149"]
[EventDate "2013.12.19"]
[EventType "swiss"]
[EventRounds "11"]
[EventCountry "UAE"]
[Source "lmi"]
[SourceDate "2013.12.19"]

1. e4 c5 2. Nf3 e6 3. d4 cxd4 4. Nxd4 a6 5. Bd3 Qc7 6. Qe2 d6 7. c4 Nf6 8. O-O
Nbd7 9. b3 b6 10. Bb2 Bb7 11. Nc3 Be7 12. Rae1 O-O 13. Kh1 Rfe8 14. f4 e5 15.
Nf5 Bf8 16. Nd5 Bxd5 17. cxd5 g6 18. Ne3 Bg7 19. Rc1 Qd8 20. Nc4 exf4 21. Nxd6
Re7 22. Nb7 Qb8 23. Ba3 Re5 24. Bd6 Qe8 25. Bxe5 Qxe5 26. d6 Qg5 27. Qf3 Ne5
28. Qh3 Nfg4 29. Be2 f3 30. gxf3 Nf2+ 31. Rxf2 Qxc1+ 32. Rf1 Qc6 33. f4 Nd7 34.
Bf3 Qxb7 35. e5 Qc8 36. Bxa8 Qxa8+ 37. Kg1 Qc6 38. Qe3 Qd5 39. Qf3 Qd4+ 40. Kh1
g5 41. Qb7 Nf8 42. fxg5 Qxe5 43. Qxf7+ Kh8 44. d7 Qe4+ 45. Qf3 Qxf3+ 46. Rxf3
Nxd7 47. Rd3 Nf8 48. Rd6 a5 49. Rxb6 Bc3 50. Kg2 Ng6 51. Rb7 Nf4+ 52. Kf3 Nd3
53. Rc7 Bb4 54. Ke4 Nf2+ 55. Kf5 Kg8 56. h4 Nd1 57. Kf6 Bc3+ 58. Ke6 Bb4 59.
Rc8+ Kg7 60. h5 Nf2 61. Rc7+ Kg8 62. Kf5 Nd1 63. Kf6 Bc3+ 64. Ke6 Bb4 65. h6
Ne3 66. Rc8+ Bf8 67. Ra8 Ng2 68. Rxa5 Nf4+ 69. Kf5 Ng6 70. Ra7 Be7 71. a4 Kf7
72. a5 Nf8 73. a6 Ne6 74. Rxe7+ Kxe7 75. a7 1-0

[Event "Wch Juvenil 2013 sub-18"]
[Site "Al-Ain UAE"]
[Date "2013.12.27"]
[Round "10.24"]
[White "Megalios, Konstantinos"]
[Black "Mindlin, Alon"]
[Result "1-0"]
[WhiteElo "2106"]
[BlackElo "2307"]
[PlyCount "127"]
[EventDate "2013.12.19"]
[EventType "swiss"]
[EventRounds "11"]
[EventCountry "UAE"]
[Source "lmi"]
[SourceDate "2013.12.19"]

1. d4 d5 2. c4 e6 3. Nf3 c5 4. cxd5 exd5 5. Nc3 Nc6 6. g3 Nf6 7. Bg2 Be7 8. O-O
O-O 9. dxc5 Bxc5 10. a3 Ne4 11. Qd3 Nxc3 12. Qxc3 Bb6 13. b4 Be6 14. Bb2 f6 15.
Rfd1 Rc8 16. Qd2 Ne7 17. Nd4 Bxd4 18. Bxd4 b6 19. Rac1 Qd7 20. Bb2 Rxc1 21.
Rxc1 Rc8 22. Rxc8+ Qxc8 23. e4 dxe4 24. Bxe4 Qc4 25. Qd3 Qxd3 26. Bxd3 Kf7 27.
Kf1 Bf5 28. Bc4+ Be6 29. Bd3 Bf5 30. Bc4+ Be6 31. Bb5 Nf5 32. Ke2 Nd6 33. Bc6
Bb3 34. Kd3 Ke6 35. Bc1 Bd5 36. Ba4 Nc4 37. Kc3 Ne5 38. Bc2 g6 39. h3 Nf3 40.
Be3 f5 41. Bd3 Kd7 42. a4 Kc7 43. a5 Ne1 44. Be2 Nf3 45. Bf4+ Kb7 46. a6+ Kc8
47. Bc4 Bxc4 48. Kxc4 g5 49. Be3 h6 50. Kd5 Ng1 51. Ke5 Nxh3 52. Kxf5 h5 53.
Kg6 h4 54. gxh4 gxh4 55. f4 Nxf4+ 56. Bxf4 Kd7 57. Kf7 Kc6 58. Ke6 h3 59. Bd6
Kb5 60. Kd5 Kxa6 61. Kc6 b5 62. Kc5 Kb7 63. Kxb5 Ka8 64. Kc6 1-0

[Event "Wch Juvenil 2013 sub-18"]
[Site "Al-Ain UAE"]
[Date "2013.12.27"]
[Round "10.25"]
[White "Lewtak, Damian"]
[Black "Badalyan, Shavarsh"]
[Result "1/2-1/2"]
[WhiteElo "2306"]
[BlackElo "2077"]
[PlyCount "55"]
[EventDate "2013.12.19"]
[EventType "swiss"]
[EventRounds "11"]
[EventCountry "UAE"]
[Source "lmi"]
[SourceDate "2013.12.19"]

1. d4 Nf6 2. c4 e6 3. Nc3 Bb4 4. Qc2 d5 5. a3 Bxc3+ 6. Qxc3 Ne4 7. Qc2 c5 8.
dxc5 Nc6 9. e3 Qa5+ 10. Bd2 Nxd2 11. Qxd2 dxc4 12. Qxa5 Nxa5 13. Rc1 b5 14.
cxb6 Bb7 15. bxa7 Ke7 16. Nf3 Rxa7 17. Nd2 Ba6 18. Kd1 Rd8 19. Kc2 Rad7 20. Nf3
Bb7 21. Kc3 Bxf3 22. gxf3 Rd2 23. Rc2 Rd1 24. Kb4 Rb8+ 25. Kxa5 Rd5+ 26. Ka6
Rd6+ 27. Ka7 Rdb6 28. Rxc4 1/2-1/2

[Event "Wch Juvenil 2013 sub-18"]
[Site "Al-Ain UAE"]
[Date "2013.12.27"]
[Round "10.26"]
[White "Hernandez Sanchez, Jairo Andre"]
[Black "Saraci, Nderim"]
[Result "1/2-1/2"]
[WhiteElo "2298"]
[BlackElo "2047"]
[PlyCount "116"]
[EventDate "2013.12.19"]
[EventType "swiss"]
[EventRounds "11"]
[EventCountry "UAE"]
[Source "lmi"]
[SourceDate "2013.12.19"]

1. e4 d5 2. exd5 Qxd5 3. Nc3 Qa5 4. Bc4 Nf6 5. h3 c6 6. Nf3 Bf5 7. Qe2 e6 8.
O-O Be7 9. Ne5 O-O 10. d3 Qc7 11. Bd2 Nbd7 12. f4 b5 13. Bb3 b4 14. Nxd7 Nxd7
15. Ne4 Rae8 16. Kh1 a5 17. Be3 h6 18. Qf2 Bh7 19. Rae1 Kh8 20. Nd2 Ra8 21. Ba4
c5 22. Bxd7 Qxd7 23. Nc4 Qc7 24. g4 Ra6 25. Qg2 a4 26. f5 exf5 27. gxf5 Bf6 28.
Bf4 Qc8 29. Bd6 Rd8 30. Be7 Bxe7 31. Rxe7 Rd7 32. Qe4 Rxe7 33. Qxe7 Rf6 34. Ne5
Kg8 35. Nd7 Rxf5 36. Rxf5 Bxf5 37. Nxc5 Bxh3 38. Kh2 Bg4 39. Qe5 h5 40. c3 bxc3
41. bxc3 f6 42. Qd5+ Kh8 43. Ne4 Qc7+ 44. Nd6 Qxc3 45. Qa8+ Kh7 46. Qe4+ f5 47.
Nxf5 Qd2+ 48. Kg1 Qg5 49. Ng3+ g6 50. Qb7+ Kh6 51. Qf7 Qe3+ 52. Kg2 Qd2+ 53.
Kg1 Qe1+ 54. Kg2 Qe5 55. Qf8+ Qg7 56. Qf4+ Kh7 57. Ne4 Qe7 58. Nf6+ Kg7 1/2-1/2

[Event "Wch Juvenil 2013 sub-18"]
[Site "Al-Ain UAE"]
[Date "2013.12.27"]
[Round "10.27"]
[White "Prince, Bajaj"]
[Black "Laurusas, Tomas"]
[Result "1-0"]
[WhiteElo "2227"]
[BlackElo "2431"]
[PlyCount "89"]
[EventDate "2013.12.19"]
[EventType "swiss"]
[EventRounds "11"]
[EventCountry "UAE"]
[Source "lmi"]
[SourceDate "2013.12.19"]

1. e4 c5 2. Nf3 e6 3. d4 cxd4 4. Nxd4 a6 5. Be2 Nf6 6. Nc3 Qc7 7. O-O Nc6 8.
Be3 Bb4 9. Na4 Be7 10. Nxc6 bxc6 11. Nb6 Rb8 12. Nxc8 Qxc8 13. e5 Nd5 14. Bc1
Bc5 15. c4 Ne7 16. b3 O-O 17. Bb2 Qc7 18. Qd3 Ng6 19. Qe4 d5 20. exd6 Bxd6 21.
g3 c5 22. f4 Ne7 23. Rad1 Nc6 24. Kg2 e5 25. Bd3 g6 26. f5 Nd4 27. Qe3 Rb6 28.
f6 Re8 29. Be4 Bf8 30. Bd5 Qd8 31. Qe4 Bh6 32. h4 Rxf6 33. Rxf6 Qxf6 34. Bxd4
cxd4 35. Rf1 Qe7 36. Rxf7 Qxf7 37. Bxf7+ Kxf7 38. c5 Bf8 39. c6 Bd6 40. Qd5+
Ke7 41. Kf3 Rf8+ 42. Ke4 Rf1 43. Qg8 Re1+ 44. Kd5 d3 45. Qg7+ 1-0

[Event "Wch Juvenil 2013 sub-18"]
[Site "Al-Ain UAE"]
[Date "2013.12.27"]
[Round "10.28"]
[White "Klabis, Rokas"]
[Black "Izzat, Kanan"]
[Result "1/2-1/2"]
[WhiteElo "2239"]
[BlackElo "2385"]
[PlyCount "73"]
[EventDate "2013.12.19"]
[EventType "swiss"]
[EventRounds "11"]
[EventCountry "UAE"]
[Source "lmi"]
[SourceDate "2013.12.19"]

1. e4 c6 2. d4 d5 3. Nc3 dxe4 4. Nxe4 Bf5 5. Ng3 Bg6 6. h4 h6 7. Nf3 Nd7 8. h5
Bh7 9. Bd3 Bxd3 10. Qxd3 e6 11. Bf4 Ngf6 12. O-O-O Be7 13. Kb1 O-O 14. Ne4 Nxe4
15. Qxe4 Nf6 16. Qe2 Qd5 17. Ne5 Qe4 18. Be3 Nd5 19. Rh3 Rad8 20. Rg3 Bg5 21.
Rg4 Qf5 22. Rd3 c5 23. g3 cxd4 24. Bxg5 hxg5 25. Rf3 Qh7 26. Rxg5 f6 27. Nd7
fxg5 28. Qxe6+ Kh8 29. Rxf8+ Rxf8 30. Nxf8 Qxh5 31. Ng6+ Kh7 32. Nf8+ Kh8 33.
a3 Qd1+ 34. Ka2 Nc3+ 35. Kb3 d3 36. Ng6+ Kh7 37. Nf8+ 1/2-1/2

[Event "Wch Juvenil 2013 sub-18"]
[Site "Al-Ain UAE"]
[Date "2013.12.27"]
[Round "10.29"]
[White "Shetty, Atulya"]
[Black "Drnovsek, Gal"]
[Result "1-0"]
[WhiteElo "2350"]
[BlackElo "2232"]
[PlyCount "51"]
[EventDate "2013.12.19"]
[EventType "swiss"]
[EventRounds "11"]
[EventCountry "UAE"]
[Source "lmi"]
[SourceDate "2013.12.19"]

1. c4 e6 2. Nf3 d5 3. b3 Nf6 4. g3 Be7 5. Bg2 O-O 6. O-O c5 7. Bb2 Nc6 8. e3 d4
9. exd4 cxd4 10. Re1 Bd6 11. Nxd4 Nxd4 12. Bxd4 Bxg3 13. hxg3 Qxd4 14. Nc3 a6
15. Qc2 e5 16. Re2 Bg4 17. Re3 Rab8 18. Rae1 b5 19. Nd5 bxc4 20. Ne7+ Kh8 21.
Nc6 cxb3 22. Rxb3 Qd6 23. Nxb8 Rxb8 24. Qc6 Qd8 25. Rxb8 Qxb8 26. Qxa6 1-0

[Event "Wch Juvenil 2013 sub-18"]
[Site "Al-Ain UAE"]
[Date "2013.12.27"]
[Round "10.30"]
[White "Savitski, Andrei"]
[Black "Ladva, Ottomar"]
[Result "0-1"]
[WhiteElo "2150"]
[BlackElo "2337"]
[PlyCount "90"]
[EventDate "2013.12.19"]
[EventType "swiss"]
[EventRounds "11"]
[EventCountry "UAE"]
[Source "lmi"]
[SourceDate "2013.12.19"]

1. d4 d5 2. c4 e6 3. Nc3 Nf6 4. cxd5 Nxd5 5. e4 Nxc3 6. bxc3 c5 7. Nf3 cxd4 8.
cxd4 Bb4+ 9. Bd2 Bxd2+ 10. Qxd2 O-O 11. Bc4 Nd7 12. O-O b6 13. Rfe1 Bb7 14.
Rad1 Rc8 15. Bd3 Qe7 16. Qf4 h6 17. e5 b5 18. Bxb5 Nb6 19. Bd3 Rfd8 20. Nd2 Nd5
21. Qe4 g6 22. Rc1 Rxc1 23. Rxc1 Nb4 24. Qe3 Nxd3 25. Qxd3 Qg5 26. f3 Bxf3 27.
Qxf3 Qxd2 28. Rd1 Qxa2 29. Rf1 Rd7 30. Qe3 Qa4 31. Rf4 Qd1+ 32. Kf2 Rb7 33. Rf3
Rb2+ 34. Kg3 Qc2 35. Qg1 a5 36. Qf1 a4 37. Kh3 Rb3 38. Qa6 Rxf3+ 39. gxf3 Qc3
40. Qa8+ Kg7 41. Qe4 a3 42. Qf4 a2 43. Qf6+ Kg8 44. Qd8+ Kh7 45. Qf6 Qc7 0-1

[Event "Wch Juvenil 2013 sub-18"]
[Site "Al-Ain UAE"]
[Date "2013.12.27"]
[Round "10.31"]
[White "Alarcon Careaga, Gustavo"]
[Black "Schreiner, Till"]
[Result "1/2-1/2"]
[WhiteElo "2133"]
[BlackElo "2304"]
[PlyCount "46"]
[EventDate "2013.12.19"]
[EventType "swiss"]
[EventRounds "11"]
[EventCountry "UAE"]
[Source "lmi"]
[SourceDate "2013.12.19"]

1. e4 c5 2. Nf3 d6 3. d4 cxd4 4. Nxd4 Nf6 5. Nc3 a6 6. Bg5 e6 7. f4 Nbd7 8. Qf3
Qc7 9. O-O-O b5 10. e5 Bb7 11. Qh3 dxe5 12. Nxe6 fxe6 13. Qxe6+ Be7 14. Bxb5
axb5 15. Nxb5 Qb6 16. Nd6+ Kd8 17. Bxf6 Bxf6 18. Nf7+ Kc8 19. Rd6 Qb5 20. c4
Qa4 21. Rhd1 exf4 22. Rxd7 Bxb2+ 23. Kxb2 Qb4+ 1/2-1/2

[Event "Wch Juvenil 2013 sub-18"]
[Site "Al-Ain UAE"]
[Date "2013.12.27"]
[Round "10.32"]
[White "Arias, Pablo"]
[Black "Lkhagvasuren, Tsedvee"]
[Result "0-1"]
[WhiteElo "2084"]
[BlackElo "2292"]
[PlyCount "144"]
[EventDate "2013.12.19"]
[EventType "swiss"]
[EventRounds "11"]
[EventCountry "UAE"]
[Source "lmi"]
[SourceDate "2013.12.19"]

1. e4 e5 2. Nf3 Nf6 3. Nxe5 d6 4. Nf3 Nxe4 5. d4 d5 6. Bd3 Be7 7. O-O Nc6 8. c4
Nb4 9. Be2 O-O 10. Nc3 Bf5 11. a3 Nxc3 12. bxc3 Nc6 13. cxd5 Qxd5 14. Bd3 Na5
15. Rb1 Bxd3 16. Qxd3 b6 17. Ne5 f6 18. Rb5 Qa2 19. Ng4 Qc4 20. Qxc4+ Nxc4 21.
a4 c6 22. Rb1 Rfd8 23. Ne3 Na5 24. Re1 Kf7 25. Nf5 Bf8 26. Bf4 Rd7 27. h4 g6
28. Nh6+ Bxh6 29. Bxh6 Rc8 30. Re2 Re8 31. Rbe1 Rxe2 32. Rxe2 Rd5 33. Bf4 Nc4
34. Bc7 Rd7 35. Bb8 Rb7 36. Bf4 Re7 37. Be3 Re4 38. g3 Ke6 39. Kg2 Kd5 40. Kf3
h5 41. Rc2 Re8 42. Ke2 Ke4 43. Rc1 Kd5 44. Kd3 Nb2+ 45. Kc2 Nc4 46. Kb3 Re6 47.
Rb1 a6 48. Bf4 Re8 49. Bc7 b5 50. axb5 cxb5 51. Ra1 Nd2+ 52. Kb2 Rc8 53. Ba5
Re8 54. Bb4 Re6 55. Bc5 Ke4 56. Re1+ Kf5 57. Rxe6 Kxe6 58. Kc1 Nc4 59. Bb4 a5
60. Bf8 a4 61. Bb4 Kd5 62. Be7 f5 63. Bc5 Nd6 64. f3 Nc4 65. Bb4 f4 66. gxf4
Ne3 67. Kb2 Nf5 68. Kc2 Nxh4 69. Kd3 Nxf3 70. Ke2 Nh4 71. Ke3 Nf5+ 72. Kf3 Nd6
0-1

[Event "Wch Juvenil 2013 sub-18"]
[Site "Al-Ain UAE"]
[Date "2013.12.27"]
[Round "10.33"]
[White "Vanagas, Tadas"]
[Black "Kenneskog, Theodor"]
[Result "1/2-1/2"]
[WhiteElo "2116"]
[BlackElo "2270"]
[PlyCount "55"]
[EventDate "2013.12.19"]
[EventType "swiss"]
[EventRounds "11"]
[EventCountry "UAE"]
[Source "lmi"]
[SourceDate "2013.12.19"]

1. d4 Nf6 2. c4 g6 3. Nc3 d5 4. Nf3 Bg7 5. Qb3 dxc4 6. Qxc4 O-O 7. e4 a6 8. Be2
b5 9. Qd3 c5 10. dxc5 Be6 11. Qc2 Nbd7 12. Be3 Rc8 13. Rd1 b4 14. Na4 Qa5 15.
O-O Nxe4 16. Qxe4 Qxa4 17. Ng5 Nxc5 18. Qh4 h6 19. Nxe6 Nxe6 20. Bc4 Rfd8 21.
Rxd8+ Rxd8 22. Qxe7 Rd1 23. b3 Rxf1+ 24. Kxf1 Qxa2 25. Qxb4 Qa1+ 26. Qe1 Qb2
27. Bc1 Qc2 28. g3 1/2-1/2

[Event "Wch Juvenil 2013 sub-18"]
[Site "Al-Ain UAE"]
[Date "2013.12.27"]
[Round "10.35"]
[White "Pon, Matt"]
[Black "Lokander, Martin"]
[Result "0-1"]
[WhiteElo "2006"]
[BlackElo "2246"]
[PlyCount "36"]
[EventDate "2013.12.19"]
[EventType "swiss"]
[EventRounds "11"]
[EventCountry "UAE"]
[Source "lmi"]
[SourceDate "2013.12.19"]

1. d4 Nf6 2. Nf3 g6 3. Nbd2 d5 4. b4 Bg7 5. e3 O-O 6. c4 a5 7. b5 c5 8. dxc5
Ne4 9. Nxe4 dxe4 10. Nd4 Qc7 11. Qb3 Nd7 12. Bb2 Nxc5 13. Qc2 a4 14. Qc1 Rd8
15. Be2 e5 16. b6 Qxb6 17. Nb5 Bg4 18. f3 exf3 0-1

[Event "Wch Juvenil 2013 sub-18"]
[Site "Al-Ain UAE"]
[Date "2013.12.27"]
[Round "10.36"]
[White "Grandadam, Patrik"]
[Black "Igonin, Temur"]
[Result "1/2-1/2"]
[WhiteElo "2243"]
[BlackElo "2109"]
[PlyCount "80"]
[EventDate "2013.12.19"]
[EventType "swiss"]
[EventRounds "11"]
[EventCountry "UAE"]
[Source "lmi"]
[SourceDate "2013.12.19"]

1. Nf3 d5 2. d4 Nf6 3. e3 e6 4. Nbd2 c5 5. c3 Nbd7 6. Bd3 Be7 7. O-O O-O 8. Ne5
Nxe5 9. dxe5 Nd7 10. f4 b6 11. c4 Bb7 12. b3 Qc7 13. Bb2 Rad8 14. Qc2 g6 15.
Nf3 dxc4 16. bxc4 Rfe8 17. Rad1 Qb8 18. Be4 Nf8 19. h3 Bxe4 20. Qxe4 Qa8 21.
Qxa8 Rxa8 22. Nd2 a6 23. a4 Reb8 24. Bc3 Nd7 25. Ne4 Ra7 26. Rf2 Kf8 27. g4 b5
28. f5 Ke8 29. fxg6 fxg6 30. axb5 axb5 31. cxb5 Rxb5 32. Nf6+ Bxf6 33. exf6 Kf7
34. Rfd2 Nb6 35. Rd8 Rb3 36. Rh8 Rxc3 37. Rxh7+ Kxf6 38. Rxa7 Rxe3 39. Kg2 Kg5
40. Ra5 Nd5 1/2-1/2

[Event "Wch Juvenil 2013 sub-18"]
[Site "Al-Ain UAE"]
[Date "2013.12.27"]
[Round "10.37"]
[White "Studer, Noel"]
[Black "De Abreu, Roberto N"]
[Result "1-0"]
[WhiteElo "2385"]
[BlackElo "2013"]
[PlyCount "121"]
[EventDate "2013.12.19"]
[EventType "swiss"]
[EventRounds "11"]
[EventCountry "UAE"]
[Source "lmi"]
[SourceDate "2013.12.19"]

1. Nf3 c5 2. g3 Nc6 3. Bg2 g6 4. O-O Bg7 5. c4 e5 6. Nc3 d6 7. d3 Nge7 8. Rb1
O-O 9. a3 a5 10. Bd2 Rb8 11. Qc1 Bd7 12. Bg5 f6 13. Bh6 Be6 14. Bxg7 Kxg7 15.
Nd2 Qd7 16. f4 b6 17. Nde4 Rbd8 18. Qe3 Rf7 19. Rf2 Rdf8 20. Rbf1 Nf5 21. Qd2
Nfe7 22. Qe3 Nf5 23. Qc1 Nfe7 24. Nb5 Nc8 25. Qe3 Nd4 26. fxe5 dxe5 27. Nxf6
Rxf6 28. Rxf6 Rxf6 29. Qxe5 Qe7 30. Nxd4 cxd4 31. Qxd4 Qc5 32. Rf4 Bf5 33. b4
Qxd4+ 34. Rxd4 Rd6 35. Rxd6 Nxd6 36. e4 Be6 37. Bf1 Kf6 38. Kf2 Nc8 39. d4 Ne7
40. Ke3 axb4 41. axb4 g5 42. b5 Bd7 43. e5+ Kf7 44. Bd3 h6 45. d5 Bxb5 46. cxb5
Nxd5+ 47. Kd4 Ne7 48. Bc4+ Kg7 49. Bb3 Kg6 50. Ke4 Kg7 51. Bd1 Kg6 52. Bg4 Kf7
53. h4 gxh4 54. gxh4 Kg6 55. h5+ Kf7 56. Bf5 Kg7 57. Bg6 Nxg6 58. hxg6 Kxg6 59.
Kd5 Kf7 60. Kd6 h5 61. Kd7 1-0

[Event "Wch Juvenil 2013 sub-18"]
[Site "Al-Ain UAE"]
[Date "2013.12.27"]
[Round "10.39"]
[White "Martinez Maya, Steven"]
[Black "Patil, Pratik"]
[Result "1/2-1/2"]
[WhiteElo "2065"]
[BlackElo "2265"]
[PlyCount "42"]
[EventDate "2013.12.19"]
[EventType "swiss"]
[EventRounds "11"]
[EventCountry "UAE"]
[Source "lmi"]
[SourceDate "2013.12.19"]

1. e4 c5 2. Nf3 e6 3. d4 cxd4 4. Nxd4 a6 5. c4 d6 6. Be2 Nf6 7. Nc3 Nbd7 8. Be3
Qc7 9. O-O b6 10. Rc1 Bb7 11. f3 Be7 12. Qd2 O-O 13. Rfd1 Rac8 14. Bf1 Qb8 15.
Na4 Bd8 16. g4 Ne5 17. g5 Nfd7 18. b3 Bc7 19. Nc3 Rce8 20. Bh3 Ng6 21. Qf2 Kh8
1/2-1/2

[Event "Wch Juvenil 2013 sub-18"]
[Site "Al-Ain UAE"]
[Date "2013.12.27"]
[Round "10.40"]
[White "Ramos Libon, Jean Piere"]
[Black "Meylan, Andre"]
[Result "1-0"]
[WhiteElo "1947"]
[BlackElo "2193"]
[PlyCount "41"]
[EventDate "2013.12.19"]
[EventType "swiss"]
[EventRounds "11"]
[EventCountry "UAE"]
[Source "lmi"]
[SourceDate "2013.12.19"]

1. d4 e6 2. Nf3 Nf6 3. Bg5 c5 4. c3 Be7 5. Nbd2 cxd4 6. cxd4 b6 7. e3 Bb7 8.
Bd3 O-O 9. Rc1 Nc6 10. a3 Nd5 11. h4 f6 12. Qc2 h6 13. Bxh6 gxh6 14. Bh7+ Kh8
15. Qg6 Bb4 16. Qxh6 Bxd2+ 17. Kxd2 Qe7 18. Bb1+ Kg8 19. Rh3 Rf7 20. Rg3+ Rg7
21. Qh7+ 1-0

[Event "Wch Juvenil 2013 sub-18"]
[Site "Al-Ain UAE"]
[Date "2013.12.27"]
[Round "10.41"]
[White "Starcevs, Dmitrijs"]
[Black "Baskara, Fiodias"]
[Result "0-1"]
[WhiteElo "2178"]
[BlackElo "1936"]
[PlyCount "66"]
[EventDate "2013.12.19"]
[EventType "swiss"]
[EventRounds "11"]
[EventCountry "UAE"]
[Source "lmi"]
[SourceDate "2013.12.19"]

1. e4 c6 2. d4 d5 3. e5 Bf5 4. Nf3 e6 5. Be2 c5 6. O-O Nc6 7. c3 cxd4 8. Nxd4
Nge7 9. Nxf5 Nxf5 10. Bd3 g6 11. Qe2 Bg7 12. f4 O-O 13. Nd2 f6 14. exf6 Qxf6
15. Nf3 Rae8 16. Qf2 Qd8 17. Bd2 e5 18. fxe5 Nxe5 19. Bb5 Nxf3+ 20. gxf3 Re7
21. Qxa7 Be5 22. Qf2 Nh4 23. Be2 Bc7 24. c4 Bb6 25. c5 Bxc5 26. Qxc5 Rxe2 27.
Bh6 Nxf3+ 28. Rxf3 Rxf3 29. Qd4 Rf7 30. Rc1 Qb8 31. Qh4 Rff2 32. Qh3 Rxh2 33.
Qxh2 Qxh2+ 0-1

[Event "Wch Juvenil 2013 sub-18"]
[Site "Al-Ain UAE"]
[Date "2013.12.27"]
[Round "10.42"]
[White "Dolnak, Michal"]
[Black "Rygg, Snorre"]
[Result "1-0"]
[WhiteElo "2164"]
[BlackElo "1838"]
[PlyCount "63"]
[EventDate "2013.12.19"]
[EventType "swiss"]
[EventRounds "11"]
[EventCountry "UAE"]
[Source "lmi"]
[SourceDate "2013.12.19"]

1. d4 f5 2. Nf3 Nf6 3. g3 e6 4. Bg2 d5 5. O-O Bd6 6. c4 c6 7. b3 Qe7 8. Nc3 O-O
9. Qc2 b6 10. cxd5 exd5 11. Bf4 Bb7 12. Bxd6 Qxd6 13. Qxf5 Nbd7 14. Qd3 Rae8
15. Ng5 c5 16. Rad1 h6 17. Nh3 Ne4 18. dxc5 Ndxc5 19. Nxe4 Rxe4 20. Qc2 Re5 21.
Nf4 Rd8 22. e3 g5 23. Nd3 Re6 24. Nxc5 bxc5 25. Qd2 Qc6 26. Rc1 Qd7 27. Rxc5
Rc8 28. Rd1 Rec6 29. Rxc6 Bxc6 30. Qa5 Rd8 31. Bxd5+ Qxd5 32. Qxd8+ 1-0

[Event "Wch Juvenil 2013 sub-18"]
[Site "Al-Ain UAE"]
[Date "2013.12.27"]
[Round "10.43"]
[White "Bargandzhiya, Zaza"]
[Black "El Jawich, Amro"]
[Result "1-0"]
[WhiteElo "2039"]
[BlackElo "2156"]
[PlyCount "89"]
[EventDate "2013.12.19"]
[EventType "swiss"]
[EventRounds "11"]
[EventCountry "UAE"]
[Source "lmi"]
[SourceDate "2013.12.19"]

1. d4 Nf6 2. c4 g6 3. Nc3 Bg7 4. e4 d6 5. f3 O-O 6. Be3 c5 7. Nge2 Nc6 8. d5
Ne5 9. Ng3 h5 10. Be2 h4 11. Nf1 a6 12. a4 Bd7 13. Qd2 Qa5 14. Bg5 b5 15. Bxh4
bxc4 16. Ne3 Qb4 17. O-O Rab8 18. Ra2 Rfe8 19. Kh1 Rb7 20. Bf2 Reb8 21. h3 Bh6
22. Kh2 Bg7 23. Re1 Nh5 24. g3 Nd3 25. Bxd3 cxd3 26. Qxd3 Qb3 27. Rea1 Rb4 28.
Nc2 c4 29. Qd2 Bxc3 30. bxc3 Rxa4 31. Nd4 Rxa2 32. Rxa2 Qb1 33. Nc6 Rb7 34. g4
Qf1 35. Qe2 Qxe2 36. Rxe2 Nf4 37. Ra2 e5 38. Bh4 Nd3 39. Rxa6 Rb2+ 40. Kg3 f5
41. gxf5 gxf5 42. Ne7+ Kf8 43. exf5 Kf7 44. Bg5 Bb5 45. Ra7 1-0

[Event "Wch Juvenil 2013 sub-18"]
[Site "Al-Ain UAE"]
[Date "2013.12.27"]
[Round "10.44"]
[White "Thorpe, Thomas"]
[Black "Hughes, John L"]
[Result "1-0"]
[WhiteElo "1897"]
[BlackElo "2155"]
[PlyCount "55"]
[EventDate "2013.12.19"]
[EventType "swiss"]
[EventRounds "11"]
[EventCountry "UAE"]
[Source "lmi"]
[SourceDate "2013.12.19"]

1. e4 c5 2. Nf3 Nc6 3. d4 cxd4 4. Nxd4 e5 5. Nb5 d6 6. Be3 Rb8 7. Nd2 a6 8. Nc3
b5 9. a4 b4 10. Nd5 Nge7 11. Nc4 Nxd5 12. Qxd5 Bb7 13. Bb6 Nd4 14. Qa5 Nxc2+
15. Kd1 Qf6 16. Kxc2 Bxe4+ 17. Kb3 d5 18. Nxe5 Rxb6 19. Bxa6 Qxf2 20. Bb5+ Ke7
21. Raf1 Qe3+ 22. Ka2 b3+ 23. Ka1 f6 24. Qa7+ Ke6 25. Qf7+ Kxe5 26. Re1 Qf2 27.
Qc7+ Kd4 28. Qc3# 1-0

[Event "Wch Juvenil 2013 sub-18"]
[Site "Al-Ain UAE"]
[Date "2013.12.27"]
[Round "10.45"]
[White "Darling, Paul D"]
[Black "Aleman Hernandez, Andres"]
[Result "1/2-1/2"]
[WhiteElo "1847"]
[BlackElo "2110"]
[PlyCount "125"]
[EventDate "2013.12.19"]
[EventType "swiss"]
[EventRounds "11"]
[EventCountry "UAE"]
[Source "lmi"]
[SourceDate "2013.12.19"]

1. e4 c5 2. Nf3 d6 3. d4 cxd4 4. Nxd4 Nf6 5. Nc3 g6 6. Be3 Bg7 7. f3 O-O 8. Qd2
Nc6 9. Bc4 Bd7 10. Bb3 Qb8 11. O-O-O a5 12. h4 a4 13. Bc4 Nxd4 14. Bxd4 b5 15.
Be2 b4 16. Nd5 Nxd5 17. Bxg7 Kxg7 18. exd5 b3 19. Kb1 Rc8 20. Rc1 Bf5 21. Bd3
Bxd3 22. Qxd3 bxa2+ 23. Kxa2 Qb4 24. c4 Rab8 25. Qc3+ Kg8 26. Rc2 Qb3+ 27. Ka1
Rb4 28. Rhc1 Rcb8 29. Qxb3 axb3 30. Rc3 Kg7 31. Kb1 Rc8 32. g3 Kf6 33. Ka1 Rc7
34. Kb1 h5 35. Ka1 g5 36. hxg5+ Kxg5 37. Kb1 f5 38. f4+ Kf6 39. Ka1 Kg6 40. Kb1
h4 41. gxh4 Kh5 42. Rg3 Rbxc4 43. Rg5+ Kh6 44. Rf1 Ra7 45. Rfg1 Rxf4 46. Rg8
Rg4 47. R1xg4 fxg4 48. Rxg4 Ra5 49. Rd4 Rc5 50. Rd3 Kh5 51. Rxb3 Rxd5 52. Rb4
Rc5 53. Re4 e5 54. b4 Rb5 55. Kc2 Kg6 56. Kb3 Kf5 57. Re1 e4 58. Kc4 Rb7 59.
Rd1 e3 60. Kd3 Rxb4 61. Kxe3 Rb3+ 62. Rd3 Rxd3+ 63. Kxd3 1/2-1/2